| 000 | 00796nam a2200217 4500 | ||
|---|---|---|---|
| 001 | 162628 | ||
| 003 | ES-MaACL | ||
| 005 | 20250702194447.0 | ||
| 008 | 950421s1849 fr |||| | fre d | ||
| 040 |
_aEUS _bspa _cEUS |
||
| 100 | 1 |
_aProudhon, Pierre-Joseph. _994052 |
|
| 245 | 1 | 0 |
_aIdées révolutionnaires / _cpar P.J. Proudhon ; avec une préface par Alfred Darimon. |
| 260 |
_aParis : _bGarnier Frères, _c1849 ( _eLagny : _fImprimerie de Giroux et Vialat) |
||
| 300 |
_aXXVII, 268 p. ; _c19 cm. |
||
| 651 | 7 |
_aFrancia- _xHistoria- _y1848, Revolución de febrero _2 _9147659 |
|
| 651 | 4 |
_aFrancia- _xHistoria- _y1848-1852, II República. _9146275 |
|
| 700 | 1 |
_aDarimon, Alfred. _942717 |
|
| 852 |
_aES-MaACL _jG-8540 _z- Enc. hol. |
||
| 852 |
_aES-MaACL _jD-1532 |
||
| 999 |
_c162628 _d162628 |
||